Music Quiz

Random Music or Artist Quiz

Actors in Music Videos Quiz Stats

 Plays Quiz not verified by Sporcle

Support Sporcle.
Go Orange.
Score 0/21 Timer 08:00
0 Plays Today
Band/Artist - Music Video Actor / Actress % Correct
Aerosmith - Cryin'Alicia Silverstone
72.2%
Bruce Springsteen - Dancing in the DarkCourtney Cox
67.1%
Fatboy Slim - Weapon of ChoiceChristopher Walken
62%
Coolio - Gangsta ParadiseMichelle Pfeiffer
60.8%
Paul Simon - Call Me AlChevy Chase
59.5%
Jennifer Lopez - Jenny From the BlockBen Affleck
58.2%
Michael Jackson - Black or WhiteMacaulay Culkin
43%
Paula Abdul - Rush RushKeanu Reeves
40.5%
Lenny Kravitz - American WomanHeather Graham
35.4%
Tom Petty - Mary Jane's Last DanceKim Basinger
34.2%
Tom Petty - Into the Great Wide OpenJohnny Depp
34.2%
Band/Artist - Music Video Actor / Actress % Correct
Guns N Roses - You Could Be MineAronld Schwarzenegger
31.6%
Michael Jackson - BadWesley Snipes
29.1%
Elton John - I Want LoveRobert Downey Jr
26.6%
Britney Spears - EverytimeStephen Dorff
17.7%
Stone Temple Pilots - Sour GirlSarah Michelle Gellar
16.5%
Savage Garden - I Knew I Loved YouKirsten Dunst
15.2%
Weezer - Perfect SituationElisha Cuthbert
12.7%
Pulp - Common PeopleSadie Frost
6.3%
Bob Sinclar - Kiss My EyesJean-Claude Van Damme
3.8%
Travis - CloserBen Stiller
3.8%

You're not logged in!

Compare scores with friends on all Sporcle quizzes.
OR
Log In

From the Vault

Don't Step on the Mines!

by NO_r_WAY

This could get messy quickly.
Remove Ads.
Support Sporcle.
Get the best of Sporcle when you Go Orange. This ad-free experience offers more features, more stats, and more fun while also helping to support Sporcle. Thank you for becoming a member.

Show Comments

Extras

Top Quizzes Today


Score Distribution

Your Account Isn't Verified!

In order to create a playlist on Sporcle, you need to verify the email address you used during registration. Go to your Sporcle Settings to finish the process.

Report this User

Report this user for behavior that violates our Community Guidelines.

Details: